Plantation agriculture /

Bibliographic Details
Main Author: Courtenay, P. P. (Percy Philip)
Format: Book
Language:English
Published: Boulder, Colo. : Westview Press, 1980.
Edition:Rev. ed.
Subjects:

MARC

Tag First Indicator Second Indicator Subfields
LEADER 00000cam a2200000 a 4500
001 in00000080722
005 20151008054047.0
008 810713s1980 couab b 00110 eng
010 |a  80053315  
019 |a 7566212 
020 |a 0865310904 
035 |a (OCoLC)07485042 
035 |9 AAH9501AM 
039 0 |a 2  |b 3  |c 3  |d 3  |e 3 
040 |a DLC  |c DLC  |d TXA  |d UtOrBLW 
049 |a TXAM  |c [932526] 
050 0 0 |a HD1326  |b .C6 1980 
082 0 |a 338.1  |2 19 
100 1 |a Courtenay, P. P.  |q (Percy Philip) 
245 1 0 |a Plantation agriculture /  |c P.P. Courtenay. 
250 |a Rev. ed. 
264 1 |a Boulder, Colo. :  |b Westview Press,  |c 1980. 
300 |a 301 pages :  |b illustrations, maps ;  |c 23 cm. 
336 |a text  |b txt  |2 rdacontent 
337 |a unmediated  |b n  |2 rdamedia 
338 |a volume  |b nc  |2 rdacarrier 
500 |a Includes index. 
504 |a Bibliography: pages [277]-294. 
650 0 |a Plantations. 
650 0 |a Tropical crops. 
999 |a MARS 
999 f f |s f18d34c2-c35a-3b24-a658-294be0449a4c  |i 7f6e7d1e-a165-311b-b611-9ff3d0df6907  |t 0 
952 f f |p ric  |a Texas A&M University  |b Rellis Campus  |c Joint Library Facility  |d Remote Storage  |t 0  |e HD1326 .C6 1980  |h Library of Congress classification  |i unmediated -- volume  |m A14806125677 
998 f f |a HD1326 .C6 1980  |t 0  |l Remote Storage